000 00436nam a2200157Ia 4500
008 210716s2012 xx 000 0 und d
020 _a9788131518847
041 _aeng
082 _a005.3002 MONE
100 _aMonk, Ellen F; Brady, Joseph A; Cook, Gerard S.
245 _aProblem solving cases in microsoft access and excel.
250 _a9
260 _aNew Delhi
_bCengage Learning
_c2012
300 _axii,276
650 _aNone
999 _c193676
_d193676